[Event "Protvino"]
[Site "Protvino"]
[Date "1992.??.??"]
[Round "?"]
[White "Danielian, Oganes"]
[Black "Nesterov, Jakov"]
[Result "0-1"]
[WhiteElo "2310"]
[BlackElo "2420"]

1.d4 Nf6 2.Bg5 Ne4 3.Bh4 c5 4.f3 Nf6 5.d5 Qb6 6.e4 Qxb2 7.Nd2 d6 8.Bc4 g6
9.Ne2 Qb6 10.Rb1 Qc7 11.g4 Bg7 12.Bf2 Nbd7 13.Ng3 O-O 14.Be2 a6 15.c4 b5
16.Qc2 Ne5 17.g5 Nfd7 18.O-O Nxc4 19.Bxc4 bxc4 20.Nxc4 Ne5 21.Nxe5 Bxe5 22.Be3 Bh3
23.Rfc1 Rfb8 24.Nh1 Bd7 25.Nf2 Rxb1 26.Rxb1 Rb8  0-1

[Event "Protvino"]
[Site "Protvino"]
[Date "1992.??.??"]
[Round "?"]
[White "Danielian, Oganes"]
[Black "Iuldachev, Saidali"]
[Result "1-0"]
[WhiteElo "2310"]
[BlackElo "2370"]

1.d4 Nf6 2.Bg5 Ne4 3.Bh4 g5 4.f3 gxh4 5.fxe4 c5 6.e3 Bh6 7.Kf2 Qb6 8.Nc3 e6
9.Nf3 cxd4 10.Qxd4 Rg8 11.Nb5 Ke7 12.e5 Nc6 13.Qxh4+  1-0

[Event "Protvino"]
[Site "Protvino"]
[Date "1992.??.??"]
[Round "?"]
[White "Danielian, Oganes"]
[Black "Fedorov, Alexei"]
[Result "1/2-1/2"]
[WhiteElo "2310"]
[BlackElo "2490"]

1.d4 Nf6 2.Bg5 Ne4 3.Bh4 c5 4.f3 Nf6 5.d5 Qb6 6.e4 Qxb2 7.Nd2 d6 8.Rb1 Qc3
9.Bb5+ Nbd7 10.Ne2 Qa5 11.O-O Qc7 12.Nc4 a6 13.Bxd7+ Bxd7  1/2-1/2

[Event "Reykjavik"]
[Site "Reykjavik"]
[Date "1992.??.??"]
[Round "1"]
[White "Plaskett, Jim"]
[Black "Hjartarson, Johann"]
[Result "1-0"]
[WhiteElo "2455"]
[BlackElo "2580"]

1.d4 Nf6 2.Bg5 Ne4 3.Bf4 c5 4.d5 Qb6 5.Nd2 Nxd2 6.Bxd2 e5 7.e4 d6 8.Bd3 Nd7
9.Ne2 g6 10.c4 Bg7 11.Qc2 a6 12.Rb1 O-O 13.O-O Kh8 14.a3 Qd8 15.b4 Rb8 16.Be3 Qh4
17.Qd2 Qe7 18.Qc2 Qh4 19.f3 Bh6 20.Bf2 Qg5 21.Kh1 f5 22.exf5 gxf5 23.Ng3 Rg8
24.Bxf5 cxb4 25.Rxb4 Rg7 26.Rfb1 Nf6 27.Bxc8 Rxc8 28.Rxb7 Nxd5 29.Qf5 Rxc4
30.Rxg7 Rc1+ 31.Rxc1 Qxc1+ 32.Bg1 Bxg7 33.Qf7 Qc6 34.Nf5  1-0

[Event "DEN-chJ int"]
[Site "Ringsted"]
[Date "1992.??.??"]
[Round "7"]
[White "Rogers, Jonathan"]
[Black "Antonsen, Mikkel"]
[Result "1/2-1/2"]
[WhiteElo "2275"]
[BlackElo "2390"]

1.d4 Nf6 2.Bg5 Ne4 3.Bf4 c5 4.f3 Qa5+ 5.c3 Nf6 6.d5 d6 7.Nd2 g6 8.e4 Bg7
9.Nc4 Qc7 10.a4 O-O 11.g4 Nbd7 12.Ne2 h5 13.h3 Ne5 14.Nxe5 dxe5 15.Be3 c4
16.Qc1 e6 17.dxe6 Bxe6 18.Ng3 Nd7 19.Bh6 Bf6 20.Bxf8 Bh4 21.Kf2 Rxf8 22.Kg2 Kh7
23.Be2 f5 24.Bd1 Bxg3 25.Kxg3 fxe4 26.fxe4 Qb6 27.Bf3 Nc5 28.Qe3 h4+ 29.Kxh4 Nxe4
30.Qxe4 Qf2+ 31.Kg5 Qd2+ 32.Kh4 Qf2+ 33.Kg5 Qd2+ 34.Kh4 Qf2+  1/2-1/2

[Event "ROM-chT"]
[Site "?"]
[Date "1992.??.??"]
[Round "?"]
[White "Ignatescu, Radu"]
[Black "Nisipeanu, Liviu Dieter"]
[Result "1/2-1/2"]
[WhiteElo "2260"]
[BlackElo "2310"]

1.d4 Nf6 2.Bg5 Ne4 3.h4 c5 4.d5 Qb6 5.Nd2 Nxg5 6.hxg5 Qxb2 7.e4 g6 8.Bc4 Bg7
9.Rb1 Qe5 10.Qg4 h5 11.gxh6 Rxh6 12.Rxh6 Bxh6 13.Ngf3 Qf4 14.Qh3 Bg7 15.Ke2 Qh6
16.Qg4 Na6 17.Bxa6 bxa6 18.e5 a5 19.Qc4 g5 20.d6 Qe6 21.Qe4 Ba6+ 22.c4 Rc8
23.dxe7 g4 24.Nh2 Bxe5 25.Nxg4 Bd4 26.Ne3 Bxe3 27.Kxe3 Kxe7 28.Qxe6+ dxe6
29.Rb3  1/2-1/2

[Event "Sao Paulo op"]
[Site "Sao Paulo"]
[Date "1992.??.??"]
[Round "?"]
[White "Disconzi da Silva, Rodrigo"]
[Black "Llanos, Guillermo"]
[Result "1-0"]
[WhiteElo "2280"]
[BlackElo "2355"]

1.d4 Nf6 2.Bg5 Ne4 3.Bh4 c5 4.f3 g5 5.fxe4 gxh4 6.e3 Qb6 7.Nc3 Nc6 8.Nf3 Bh6
9.Nd5 Qd8 10.Kf2 e6 11.Nc3 cxd4 12.exd4 O-O 13.g3 Bg7 14.Kg2 h3+ 15.Kxh3 Qb6
16.Na4 Qa5 17.c3 d6 18.b4 Qc7 19.Kg2 Ne7 20.Qd2 f5 21.Bd3 b5 22.Nb2 Bb7 23.Rae1 Rac8
24.Nd1 Qb8 25.Nf2 Qa8 26.Ng5 Bh6 27.h4 Rf6 28.Kh2 Rg6 29.d5 Bg7 30.exf5 Bxc3
31.Qe2 Rg7 32.f6 Bxd5 33.fxg7 Bxe1 34.Qh5  1-0

[Event "Simferopol (Women)"]
[Site "Simferopol"]
[Date "1992.??.??"]
[Round "45"]
[White "Semenova, Lidia K"]
[Black "Safranska, Anda"]
[Result "1-0"]
[WhiteElo "2225"]
[BlackElo "2260"]

1.d4 Nf6 2.Bg5 Ne4 3.Bf4 c5 4.f3 Qa5+ 5.c3 Nf6 6.d5 d6 7.e4 g6 8.Na3 Bg7
9.Nc4 Qd8 10.a4 O-O 11.Bd3 Nh5 12.Bg5 h6 13.Be3 e6 14.Qd2 exd5 15.exd5 Re8
16.Ne2 Bf5 17.O-O Bxd3 18.Qxd3 Qe7 19.Rae1 Nd7 20.Ng3 Nxg3 21.hxg3 Qf8 22.g4 Rad8
23.Bf2 Ne5 24.Nxe5 dxe5 25.Qc4 b6 26.Rd1 Qd6 27.Rfe1 Kh8 28.Re2 Rd7 29.a5 f5
30.gxf5 gxf5 31.b4 cxb4 32.cxb4 bxa5 33.bxa5 Rc7 34.Qd3 Rf8 35.Bg3 Rd7 36.Qc3 f4
37.Be1 e4 38.Qb4 exf3 39.gxf3 Rf5 40.Re8+ Kh7 41.Qxd6 Rxd6 42.Ra8 a6 43.Kg2 Rg5+
44.Kf1 Rh5 45.Ra7 Kg6 46.Bf2 Bc3 47.Rd3 Bf6 48.Bb6 Rhxd5 49.Rxd5 Rxd5 50.Rxa6 Kf5
51.Ra8 Rb5 52.Rb8 Rb1+ 53.Kg2 Rb2+ 54.Kh3 Ra2 55.Ra8 Ra3 56.a6 Rxf3+ 57.Kg2 Rb3
58.Bf2 f3+ 59.Kh3 Rb2 60.Kg3 Be5+ 61.Kxf3 Bb8 62.a7 Bxa7 63.Rxa7 Rb4 64.Be3 Rh4
65.Ra5+ Kf6 66.Ra6+ Kf5 67.Ra8 Kg6 68.Ra6+ Kf5 69.Bxh6 Rh3+ 70.Ke2 Ke4 71.Ra4+ Kd5
72.Be3 Ke5 73.Kd3 Kd5 74.Ra5+ Kc6 75.Rf5 Rg3 76.Kd4 Rg4+ 77.Bf4 Rg1 78.Kc4 Kd7
79.Be3 Ke6 80.Ra5 Rh1 81.Ra6+ Ke5 82.Bd4+ Ke4 83.Re6+ Kf4 84.Kd5 Rh5+ 85.Be5+ Ke3
86.Ra6 Kd3 87.Ra3+ Kd2 88.Rb3 Rh1 89.Bf4+ Kc2 90.Kc4 Rh7 91.Rg3 Kd1 92.Be3 Ke1
93.Kd3 Rd7+ 94.Bd4 Rf7 95.Rg8 Rf3+ 96.Be3 Rf7 97.Ra8 Kf1 98.Rg8 Ke1 99.Rg1+ Rf1
100.Rg5 Rf8 101.Bd4 Rf3+ 102.Ke4 Rf8 103.Ke3 Kd1 104.Rc5 Ra8 105.Kd3 Ra3+
106.Bc3 Kc1 107.Rh5 Kb1 108.Rh1+ Ka2 109.Kc2  1-0

[Event "Sitges op"]
[Site "Sitges"]
[Date "1992.??.??"]
[Round "1"]
[White "Lopez, C."]
[Black "Semkov, Semko"]
[Result "0-1"]
[WhiteElo "2275"]
[BlackElo "2480"]

1.d4 Nf6 2.Bg5 Ne4 3.Bh4 d5 4.Nd2 g5 5.Bg3 Bf5 6.e3 Nxg3 7.hxg3 Nd7 8.Ndf3 e6
9.Bd3 Qf6 10.Bxf5 Qxf5 11.Rh5 Rg8 12.Ne2 h6 13.Nc1 f6 14.Nd3 O-O-O 15.Qe2 e5
16.dxe5 fxe5 17.O-O-O e4 18.Nd4 exd3 19.Rxd3 Qf7  0-1

[Event "St Cugat op"]
[Site "St Cugat"]
[Date "1992.??.??"]
[Round "5"]
[White "Serrano Marhuenda, Salvador"]
[Black "Kolev, Atanas"]
[Result "0-1"]
[WhiteElo "2250"]
[BlackElo "2445"]

1.d4 Nf6 2.Bg5 Ne4 3.Bf4 c5 4.d5 Qb6 5.Nc3 Qb4 6.a3 Nxc3 7.axb4 Nxd1 8.Kxd1 cxb4
9.Bxb8 Rxb8 10.Rxa7 e6 11.dxe6 dxe6 12.e3 Bc5 13.Ra5 b6 14.Bb5+ Ke7 15.Ra7+ Rb7
16.Rxb7+ Bxb7 17.Nf3 Ra8 18.Ke2 Ra2 19.Rb1 h6 20.Ne1 g5 21.f3 f5 22.Bc4 Ra5
23.Rd1 Bd6 24.h3 Rc5 25.Bb3 e5 26.g4 e4 27.Rd4 Re5 28.gxf5 Bc5 29.f6+ Kxf6
30.Rd7 exf3+  0-1

[Event "St Petersburg-ch op"]
[Site "St Petersburg"]
[Date "1992.??.??"]
[Round "?"]
[White "Popov, Vladimir"]
[Black "Novik, Maxim"]
[Result "0-1"]
[WhiteElo "2260"]
[BlackElo "2420"]

1.d4 Nf6 2.Bg5 Ne4 3.Bf4 c5 4.d5 e6 5.f3 Qa5+ 6.c3 Nf6 7.e4 exd5 8.exd5 d6
9.Qe2+ Be7 10.Bxd6 Nxd5 11.Bxb8 Rxb8 12.Qe5 Qb6 13.Qxd5 Qxb2 14.Qe5 O-O 15.Qxe7 Bf5
16.Qg5 Bg6 17.Nd2 Qxa1+ 18.Kf2 Rfe8 19.Be2 Rbd8 20.Nf1 Qxc3 21.h4 h6 22.Qf4 Bd3
23.g4 Qb2 24.Ng3 c4 25.g5 hxg5 26.hxg5 Qd4+ 27.Qxd4 Rxd4 28.Bd1 Rd5 29.f4 Ra5
30.a4 c3 31.Bb3 b5 32.axb5 Rxb5 33.Ba4 Rb2+ 34.Kf3 c2 35.N1e2 Rc8 36.Nc1 Bb5
37.Bxb5 Rxb5 38.Nge2 a5 39.Nd4 Rb4 40.Ke3 a4 41.Nf5 Re8+ 42.Kd3 Rxf4 43.Ne3 Rf3
44.Re1 a3 45.Kd2 Rg3 46.Re2 Rxg5 47.Nxc2 Rxe2+ 48.Kxe2 Rg3 49.Kd2 g5 50.Nd4 g4
51.Kc2 Kh7 52.Nde2 Re3 53.Ng1  0-1

[Event "Stockholm op"]
[Site "Stockholm"]
[Date "1992.??.??"]
[Round "?"]
[White "Bellon Lopez, Juan Manuel"]
[Black "Johansson, Victoria"]
[Result "1-0"]
[WhiteElo "2435"]
[BlackElo "2140"]

1.d4 Nf6 2.Bg5 Ne4 3.Bf4 d5 4.f3 Nf6 5.Nc3 Bf5 6.Bg5 Bg6 7.Nh3 c6 8.Nf4 Qa5
9.Qd2 Nbd7 10.e4 dxe4 11.Nxg6 hxg6 12.Nxe4 Qxd2+ 13.Bxd2 e5 14.Ng5 exd4 15.Bc4 Nd5
16.Bxd5 cxd5 17.O-O-O Bd6 18.Kb1 O-O 19.Bc1 Be5 20.f4 Bf6 21.Nf3 Nc5 22.Nxd4 Ne4
23.Rhf1 Rac8 24.Nf3 Rfd8 25.Be3 b6 26.Bd4 Bxd4 27.Rxd4 Rc5 28.Rfd1 Rdc8 29.c3 Nf6
30.Ne5 Re8 31.g4 Rd8 32.g5 Ne8 33.c4 f6 34.Ng4 Kf7 35.Ne3 Nc7 36.cxd5 Nb5
37.Rc4 Rxc4 38.Nxc4 Ke7 39.a4 Nd6 40.b3 Rh8 41.Re1+ Kd7 42.Re6 Nxc4 43.bxc4 Rxh2
44.gxf6 gxf6 45.Rxf6 Rf2 46.a5 Ke7 47.axb6 axb6 48.Rxb6 Rxf4 49.Rc6 g5 50.Kc2 Rf3
51.Rg6 Rg3 52.c5 g4 53.c6 Rg2+ 54.Kd3 Rg1 55.Re6+ Kd8 56.d6 Rh1 57.Rg6 Ke8
58.d7+ Ke7 59.Rg7+  1-0

[Event "Tilburg"]
[Site "Tilburg"]
[Date "1992.??.??"]
[Round "2"]
[White "Hoeksema, Hendrik Pieter"]
[Black "Beliavsky, Alexander G"]
[Result "0-1"]
[WhiteElo "2430"]
[BlackElo "2595"]

1.d4 Nf6 2.Bg5 Ne4 3.Bf4 d5 4.f3 Nf6 5.Nc3 c5 6.e4 cxd4 7.Qxd4 Nc6 8.Bb5 Bd7
9.Bxc6 Bxc6 10.e5 Nd7 11.O-O-O e6 12.Be3 Qc7 13.f4 Bc5 14.Qd2 d4 15.Bxd4 Bxd4
16.Qxd4 Bxg2 17.Nb5 Qc6 18.Nd6+ Kf8 19.f5 exf5 20.Nxf5 Be4 21.Qb4+ Nc5 22.Rd6 Qc7
23.Ng3 Bxh1 24.Nxh1 Rc8 25.Nf3 Qxd6  0-1

[Event "Tilburg rapid"]
[Site "Tilburg"]
[Date "1992.??.??"]
[Round "3"]
[White "Adams, Michael"]
[Black "Gelfand, Boris"]
[Result "1/2-1/2"]
[WhiteElo "2610"]
[BlackElo "2685"]

1.d4 Nf6 2.Bg5 Ne4 3.Bf4 c5 4.d5 Qb6 5.Nd2 Qxb2 6.Nxe4 Qb4+ 7.Qd2 Qxe4 8.Nf3 d6
9.e3 Qb4 10.c3 Qa5 11.Rb1 g6 12.e4 Bg7 13.e5 O-O 14.Be2 Nd7 15.Rb5 Qc7 16.exd6 exd6
17.Bh6 Nf6 18.Bxg7 Kxg7 19.c4 Qe7 20.O-O Ne4 21.Qc1 Qf6 22.Rb3 Re8 23.Re1 b6
24.Re3 Bd7 25.h4 Qd8 26.Qb2+ Kg8 27.Bd3 Nf6 28.Rxe8+ Bxe8 29.Ng5 Bd7 30.Qc3 Nh5
31.Be2 Qf6 32.Qd2 Re8 33.Bxh5 Rxe1+ 34.Qxe1 gxh5 35.Ne4 Qe5 36.Qe3 h6 37.f4 Qe7
38.f5 Qe5 39.Qg3+ Qxg3 40.Nxg3 Kf8 41.f6 b5 42.cxb5 Bxb5 43.Ne4 Bc4 44.a3 Bxd5
45.Nxd6 Be6 46.Kf2 Kg8 47.Nb5 a6 48.Nc7 Bc4 49.Ke3 Kh7 50.Kf4 Kg6 51.Ke5 a5
52.g3 Bb3 53.Nb5 c4 54.Nc3 Bc2 55.Nd5 Bd3 56.Nf4+ Kh7 57.Kd4 Bf1 58.Kc3 Bd3
59.Kd4 Bf1 60.a4 Kg8 61.Nxh5 Be2 62.Nf4 Bd1 63.Kxc4 Bxa4 64.g4 Bd1 65.g5 hxg5
66.hxg5 Kh7 67.Kb5 a4 68.Kb4 Bb3 69.Ka3  1/2-1/2

[Event "Air Force-ch"]
[Site "USA"]
[Date "1992.??.??"]
[Round "5"]
[White "Wall, Bill"]
[Black "Moore, Bobby G Jr"]
[Result "0-1"]
[WhiteElo "2030"]
[BlackElo "2260"]

1.d4 Nf6 2.Bg5 Ne4 3.Bh4 g5 4.f3 gxh4 5.fxe4 c5 6.Nc3 cxd4 7.Qxd4 Rg8 8.e5 Nc6
9.Qe4 Qa5 10.Nf3 Qb4 11.Qxb4 Nxb4 12.O-O-O Nc6 13.Nd5 Kd8 14.Kb1 Bg7 15.e6 fxe6
16.Nf4 Kc7 17.Nxh4 b6 18.g3 Bb7 19.Bg2 Be5 20.e3 Raf8 21.a3 Bd6 22.Rd2 Ne5
23.Bxb7 Kxb7 24.Rhd1 Ng4 25.Re2 e5 26.Nd5 Nf2 27.Rdd2 Ne4 28.Rd1 Kc6 29.Rd3 Rf1+
30.Ka2 Rgf8 31.Nc3 Nc5 32.Rdd2 a5 33.e4 b5 34.Nd5 e6 35.Ne3 Rh1 36.Ng4 Rff1
37.b3 b4 38.axb4 axb4  0-1

[Event "Victoria-ch"]
[Site "Victoria"]
[Date "1992.??.??"]
[Round "5"]
[White "Depasquale, Chris"]
[Black "Kagan, Naum"]
[Result "1-0"]
[WhiteElo "2265"]
[BlackElo "2310"]

1.d4 Nf6 2.Bg5 Ne4 3.h4 h6 4.Bf4 c5 5.dxc5 Nc6 6.Nd2 Nxc5 7.Ngf3 d5 8.e3 g6
9.c3 Bg7 10.Bb5 Qb6 11.Bxc6+ bxc6 12.Nb3 Bg4 13.Nxc5 Qxc5 14.Qd2 Bxf3 15.gxf3 e5
16.Bg3 O-O 17.f4 exf4 18.Bxf4 Qc4 19.f3 Rfe8 20.Kf2 Re6 21.Rhd1 Rae8 22.Qd3 Qc5
23.Rh1 Qe7 24.Rae1 Bf6 25.Bg3 Qb7 26.Re2 c5 27.Rhe1 a5 28.b3 Qe7 29.h5 g5
30.c4 d4 31.exd4 Bxd4+ 32.Kf1 Qf6 33.Kg2 Kg7 34.Rxe6 Rxe6 35.Rxe6 Qxe6 36.Qe4 Bc3
37.Qxe6 fxe6 38.Bd6 Bd4 39.Kg3 Kf7 40.Kg4 Kg7 41.f4 gxf4 42.Bxf4 Bc3 43.Be3 Bb4
44.Kf4 Kf6 45.Ke4  1-0

[Event "Victoria-ch"]
[Site "Victoria"]
[Date "1992.??.??"]
[Round "13"]
[White "Depasquale, Chris"]
[Black "Kagan, Issay"]
[Result "1-0"]
[WhiteElo "2265"]
[BlackElo "2380"]

1.d4 Nf6 2.Bg5 Ne4 3.h4 d5 4.Nd2 Nxd2 5.Qxd2 c5 6.dxc5 f6 7.e4 dxe4 8.O-O-O Qxd2+
9.Bxd2 e5 10.Be3 Be6 11.Bb5+ Nc6 12.Ne2 f5 13.f4 exf3 14.gxf3 Be7 15.f4 O-O
16.Bxc6 bxc6 17.fxe5 Bd5 18.Rh3 Rfd8 19.Nf4 Bf7 20.Rg1 g6 21.e6 Be8 22.Nd3 Rd5
23.h5 Rxd3 24.cxd3 Rd8 25.hxg6 Bxg6 26.Bf4 Rd5 27.b4 Rd4 28.Rxg6+ hxg6 29.Be5 Rh4
30.Rxh4 Bxh4 31.b5 cxb5 32.c6 Bd8 33.e7  1-0

[Event "Warsaw op"]
[Site "Warsaw"]
[Date "1992.??.??"]
[Round "3"]
[White "Bartosik, Piotr"]
[Black "Kruppa, Yuri"]
[Result "1/2-1/2"]
[WhiteElo "2300"]
[BlackElo "2475"]

1.d4 Nf6 2.Bg5 Ne4 3.Bh4 c6 4.f3 Qa5+ 5.Nd2 Qh5 6.Nxe4 Qxh4+ 7.g3 Qh6 8.Qd2 Qxd2+
9.Nxd2 g6 10.e4 Bg7 11.c3 d6 12.Bd3 Nd7 13.Ne2 c5 14.O-O O-O 15.f4 cxd4 16.Nxd4 Nc5
17.Bc2 Bd7 18.N2b3 Na4 19.Rab1 Rac8 20.Bd3 a6 21.Rf2 Nc5 22.Bc2 b6 23.Rd1 Rc7
24.f5 Na4 25.Bb1 Bc8 26.Nf3 Bb7 27.Ne1 Rd8 28.Ng2 Rcd7 29.Nf4 Bh6 30.Nd4 b5
31.a3 Nb6 32.Bc2 Nc4 33.Bb3 Bg7 34.a4 Na5 35.Ba2 g5 36.Nd5 Bxd5 37.Bxd5 Bxd4
38.cxd4 Rc7 39.b4 Nc4 40.Rc1 Rdc8 41.Rfc2 Kg7  1/2-1/2

[Event "Wisla BES op"]
[Site "Wisla"]
[Date "1992.??.??"]
[Round "1"]
[White "Bartosik, Olimpia"]
[Black "Gorelov, Sergey G"]
[Result "0-1"]
[WhiteElo "2075"]
[BlackElo "2435"]

1.d4 Nf6 2.Bg5 Ne4 3.Bh4 d5 4.f3 Nd6 5.Nd2 Nf5 6.Bf2 e5 7.dxe5 d4 8.Ne4 c5
9.g4 Nh4 10.c3 Nc6 11.Nd6+ Bxd6 12.exd6 O-O 13.cxd4 cxd4 14.Bxd4 Qxd6 15.Bc3 Qe7
16.Qc2 Rd8 17.Rd1 Rxd1+ 18.Kxd1 Be6 19.Qa4 Rd8+ 20.Ke1 Qc5 21.a3 Bc4 22.Qc2 Qb6
23.b4 Be6 24.Qb2 Nd4 25.Bxd4 Rxd4 26.e3 Rd6 27.Qf2 g5 28.e4 Rd1+  0-1

[Event "Wisla BES op"]
[Site "Wisla"]
[Date "1992.??.??"]
[Round "7"]
[White "Maljutin, Evgeni"]
[Black "Aleksandrov, Aleksej"]
[Result "1-0"]
[WhiteElo "2465"]
[BlackElo "2460"]

1.d4 Nf6 2.Bg5 Ne4 3.Bh4 c5 4.f3 g5 5.fxe4 gxh4 6.e3 Qb6 7.Nc3 e6 8.Nf3 Nc6
9.d5 Qxb2 10.Nb5 Nb4 11.Rb1 Qxa2 12.Rxb4 Qa5 13.d6 Qxb4+ 14.Kf2 Bg7 15.Nc7+ Kf8
16.Nxa8 Qxe4 17.Nc7 a6 18.c4 h5 19.Qd3 Qc6 20.Be2 Bf6 21.Rd1 h3 22.gxh3 b6
23.Nxe6+ dxe6 24.d7 Bxd7 25.Qxd7 Qxd7 26.Rxd7 Kg7 27.h4 Rd8 28.Ra7 a5 29.Ng5 Kg6
30.Nxf7 Bxh4+ 31.Kf3 Rd2 32.Nh8+ Kf6 33.Rf7+ Kg5 34.Rf4 a4 35.Nf7+ Kg6 36.Ne5+ Kh6
37.Nf7+ Kg7 38.Rxh4 a3 39.Rxh5 a2 40.Rg5+ Kxf7 41.Rg1 e5 42.e4 Kf6 43.h4 Rb2
44.Ra1 Rb3+ 45.Kf2 Rb2 46.Ke3 Rb3+ 47.Kd2 Rb2+ 48.Kd3 b5 49.cxb5 c4+ 50.Kc3 Rxe2
51.b6 Re3+ 52.Kxc4 Rxe4+ 53.Kc5 Rxh4 54.b7 Rh8 55.Rxa2 Rb8 56.Kc6 Ke6 57.Ra5 Kf5
58.Ra8 Rxb7 59.Kxb7 e4 60.Re8 Kf4 61.Kc6  1-0

[Event "Zuerich op"]
[Site "Zuerich"]
[Date "1992.??.??"]
[Round "?"]
[White "Ballmann, Martin"]
[Black "Cvitan, Ognjen"]
[Result "1/2-1/2"]
[WhiteElo "2320"]
[BlackElo "2550"]

1.d4 Nf6 2.Bg5 Ne4 3.Bf4 d5 4.Nd2 Bf5 5.Ngf3 e6 6.e3 Bd6 7.Bxd6 cxd6 8.c4 dxc4
9.Bxc4 O-O 10.O-O Nd7 11.Nxe4 Bxe4 12.Nd2 Bg6 13.Qb3 Qa5 14.Qxb7 Qxd2 15.Qxd7 d5
16.Ba6 Qxb2 17.a4 Qb6 18.Qb5  1/2-1/2

[Event "Aarhus"]
[Site "Aarhus"]
[Date "1993.??.??"]
[Round "1"]
[White "Fries Nielsen, Jens Ove"]
[Black "Sax, Gyula"]
[Result "0-1"]
[WhiteElo "2400"]
[BlackElo "2570"]

1.d4 Nf6 2.Bg5 Ne4 3.Bh4 g5 4.f3 gxh4 5.fxe4 c5 6.e3 Bh6 7.Kf2 Nc6 8.Nf3 Qb6
9.Nc3 Bxe3+ 10.Kxe3 cxd4+ 11.Nxd4 e5 12.Nd5 Qxd4+ 13.Qxd4 exd4+ 14.Kf2 O-O
15.g4 d6 16.a3 Be6 17.Be2 Rac8 18.Rac1 f5 19.gxf5 Bxd5 20.exd5 Rxf5+ 21.Ke1 Ne5
22.Kd2 Rf2 23.Rcf1 Rg2 24.b3 Rc3 25.Kd1 d3 26.cxd3 Rxb3  0-1

[Event "Alushta op"]
[Site "Alushta"]
[Date "1993.??.??"]
[Round "?"]
[White "Voloshin, Leonid"]
[Black "Golubev, Mihail"]
[Result "0-1"]
[WhiteElo "2420"]
[BlackElo "2495"]

1.d4 Nf6 2.Bg5 Ne4 3.Bh4 c5 4.f3 g5 5.fxe4 gxh4 6.e3 Bh6 7.Kf2 cxd4 8.exd4 e5
9.Nf3 Nc6 10.c3 d6 11.Nbd2 Bg4 12.h3 Bh5 13.Be2 Qf6 14.d5 Ne7 15.Rf1 Ng6
16.Kg1 Nf4 17.Rf2 Rg8 18.Kh1 O-O-O 19.Ng1 Bxe2 20.Nxe2 Rxg2 21.Rxf4 Bxf4
22.Nxf4 Qxf4 23.Kxg2 Rg8+ 24.Kh1 Rg3 25.Qf1 Qxd2 26.Qf5+ Kb8 27.Rg1 a6 28.c4 h5
29.Qd7 Ka7 30.c5 Qf2  0-1

[Event "Alushta op"]
[Site "Alushta"]
[Date "1993.??.??"]
[Round "?"]
[White "Rumiancev, Gennadij"]
[Black "Berkovich, Dmitry"]
[Result "0-1"]
[WhiteElo "2260"]
[BlackElo "2465"]

1.d4 Nf6 2.Bg5 Ne4 3.Bh4 g5 4.f3 gxh4 5.fxe4 Bh6 6.Nf3 e6 7.Nc3 d6 8.Qd3 a6
9.e3 Nd7 10.O-O-O b5 11.g3 Bb7 12.Nxh4 Nf6 13.Qe2 b4 14.Nb1 Nxe4 15.Bg2 Qg5
16.Rhe1 Bd5 17.Bf3 O-O 18.Qg2 f5 19.Nd2 Nf6 20.Kb1 a5 21.e4 fxe4 22.Nxe4 Nxe4
23.Bxe4 Bg7 24.Qh3 Rf6 25.Nf3 Qh6 26.Qg4 Bxe4 27.Rxe4 Rg6 28.Qh4 Rf8 29.Qxh6 Bxh6
30.Nh4 Rgf6 31.Re2 Rf1 32.Ree1 Rxe1 33.Rxe1 Bd2 34.Rd1 a4 35.a3 b3 36.cxb3 axb3
37.Ng2 e5 38.dxe5 dxe5 39.a4 Rf2 40.Rg1 c5 41.a5 c4 42.a6 c3 43.Ne1 Bxe1  0-1

[Event "Alushta"]
[Site "Alushta"]
[Date "1993.??.??"]
[Round "?"]
[White "Zlochevskij, Alexander"]
[Black "Timoshenko, Georgy"]
[Result "1/2-1/2"]
[WhiteElo "2455"]
[BlackElo "2515"]

1.d4 Nf6 2.Bg5 Ne4 3.Bh4 c5 4.f3 g5 5.fxe4 gxh4 6.e3 e6 7.Nd2 Bh6 8.Nc4 d5
9.Qh5 Qg5 10.Qxg5 Bxg5 11.Nf3 Be7 12.exd5 exd5 13.Nce5 Rg8 14.Kf2 c4 15.Nd2 Nd7
16.Nxd7 Bxd7 17.Be2  1/2-1/2

[Event "Andorra op"]
[Site "Andorra"]
[Date "1993.??.??"]
[Round "3"]
[White "Kolev, Atanas"]
[Black "Roeder, Mathias"]
[Result "1/2-1/2"]
[WhiteElo "2500"]
[BlackElo "2425"]

1.d4 Nf6 2.Bg5 Ne4 3.Bf4 c5 4.f3 Qa5+ 5.c3 Nf6 6.d5 Qb6 7.b3 g6 8.e4 Bg7
9.Ne2 O-O 10.Ng3 d6 11.Be2 h5 12.Qd2 e6 13.Na3 h4 14.Nc4 Qd8 15.Bxd6 exd5
16.e5 hxg3 17.exf6 Bxf6 18.hxg3 Bg7 19.Bxf8 Qxf8 20.Ne3 d4 21.cxd4 cxd4 22.Nc2 d3
23.Bxd3 Bxa1 24.Nxa1 Nc6 25.Qc3 Qg7 26.Qxg7+ Kxg7 27.Nc2 Be6 28.Be4 a5 29.Bxc6 bxc6
30.Kd2 a4 31.Kc3 c5 32.g4 Kf6 33.Re1 axb3 34.axb3 Rb8 35.b4 cxb4+ 36.Nxb4 Kg5
37.g3 Ra8 38.Nd3 Ra2 39.Re5+ Kf6 40.g5+ Ke7 41.Re3 Kd6 42.Nf4 Ra5 43.Nxe6 fxe6
44.f4 e5 45.Kd3 Ke6 46.Ke4 exf4 47.gxf4 Kf7 48.Rd3 Ra7 49.Rd5 Re7+ 50.Re5 Ra7
51.Rb5 Re7+ 52.Kd5 Rd7+ 53.Kc5 Rd1 54.Rb7+ Ke6 55.Rg7 Kf5 56.Rf7+ Kg4 57.Rf6 Rd2
58.Rxg6 Kxf4  1/2-1/2

[Event "Arandjelovac"]
[Site "Arandjelovac"]
[Date "1993.??.??"]
[Round "4"]
[White "Kosic, Dragan"]
[Black "Drozdov, Igor"]
[Result "1/2-1/2"]
[WhiteElo "2455"]
[BlackElo "2375"]

1.d4 Nf6 2.Bg5 Ne4 3.h4 d5 4.Nd2 Bf5 5.Nxe4 Bxe4 6.f3 h6 7.Bf4 Bh7 8.e3 e6
9.Bd3 Bxd3 10.Qxd3 Nd7 11.Ne2 Be7 12.g3 c5 13.e4 dxe4 14.Qxe4 Qb6 15.O-O-O Nf6
16.Qe5 Rc8 17.Nc3 cxd4 18.Qxd4 Qc6 19.Be5 O-O 20.g4 Rfd8 21.Qf2 Nd5 22.Kb1 f6
23.Nxd5 Rxd5 24.Rxd5 Qxd5 25.Bf4 b5 26.Bc1 b4 27.Re1 Kf7 28.f4 Rc5 29.Qe2 Qc4
30.h5 Qxe2 31.Rxe2 Rc4 32.Bd2 Bd6 33.Rf2 e5 34.fxe5 Bxe5 35.Rg2 Ke6 36.Kc1 a5
37.b3 Re4 38.Kd1 Kd5 39.Be1 Bd4 40.Bd2 Kc5 41.Rg3 Be5 42.Rg2 Kd4 43.Bc1 Kc3
44.Rd2 Rd4 45.a3 bxa3 46.Rxd4 Kxd4 47.Bxa3 Ke3 48.Bf8 f5 49.gxf5 Bc3 50.Bd6 Kf3
51.f6 gxf6 52.Bf8  1/2-1/2

[Event "Athens op"]
[Site "Athens"]
[Date "1993.??.??"]
[Round "4"]
[White "Rausis, Igors"]
[Black "Tzermiadianos, Andreas"]
[Result "0-1"]
[WhiteElo "2575"]
[BlackElo "2315"]

1.d4 Nf6 2.Bg5 Ne4 3.Bh4 g5 4.f3 gxh4 5.fxe4 c5 6.e3 Bh6 7.Kf2 Nc6 8.Nf3 cxd4
9.exd4 Qb6 10.Nc3 e6 11.Bb5 d6 12.Qd3 Bd7 13.a4 a6 14.Bxc6 Bxc6 15.a5 Qc7
16.Rhf1 O-O 17.Nxh4 Qe7 18.Qg3+ Kh8 19.Kg1 Rg8 20.Qf2 Rg4 21.d5 Rf4 22.Qe1 Rxh4
23.dxc6 Bf4 24.g3 Rg8 25.cxb7 Qxb7 26.Rf3 Be5 27.Kh1 Rhg4 28.Qf2 f5 29.Rf1 R4g7
30.exf5 exf5 31.Qb6 Qa8 32.Qb3 f4 33.Qd5 fxg3 34.hxg3 Qc8 35.Qd2 Rxg3 36.Qh6 Rxf3  0-1

[Event "AUT-chT"]
[Site "?"]
[Date "1993.??.??"]
[Round "?"]
[White "Turian, Hans"]
[Black "Beck, Hartmuth"]
[Result "1-0"]
[WhiteElo "2255"]
[BlackElo "2305"]

1.d4 Nf6 2.Bg5 Ne4 3.Bf4 d5 4.f3 Nf6 5.e4 e6 6.e5 Nfd7 7.c3 c5 8.Be3 Nc6
9.f4 cxd4 10.cxd4 Qb6 11.Qd2 f6 12.Nf3 Be7 13.Nc3 O-O 14.Be2 a6 15.O-O f5
16.Kh1 Qd8 17.Rg1 b5 18.g4 Nb6 19.b3 Qe8 20.Ne1 b4 21.Nd1 Ra7 22.Nd3 a5 23.gxf5 Rxf5
24.Bg4 Rf7 25.Qg2 g6 26.N1f2 Rg7 27.Qh3 Bf8 28.Rac1 Nd8 29.Nc5 Rac7 30.Nfd3 Rc6
31.Bf2 Nb7 32.Be2 Na8 33.Nxb7 Bxb7 34.Rxc6 Bxc6 35.Bg4 Nc7 36.Rc1 h5 37.Bf3 Nb5
38.Nc5 Nc7 39.Bh4 Kh7 40.Bf6 Rg8 41.Be2 Bg7 42.Bd3 Kh8 43.Qh4 Bxf6 44.Qxf6+ Rg7
45.Rg1 Kh7 46.Rg5 Qf7 47.Qxf7  1-0

[Event "AUT-chT2S 9293"]
[Site "AUT"]
[Date "1993.??.??"]
[Round "?"]
[White "Turian, Hans"]
[Black "Pesek, Reinhard"]
[Result "0-1"]
[WhiteElo "2255"]
[BlackElo "2215"]

1.d4 Nf6 2.Bg5 Ne4 3.Bf4 c5 4.d5 d6 5.f3 Nf6 6.e4 g6 7.c3 Bg7 8.Qd2 h6 9.a4 b6
10.Na3 a6 11.Bd3 Nbd7 12.Nc4 Qc7 13.Nh3 Rb8 14.O-O Nh5 15.Be3 b5 16.axb5 axb5
17.Na3 c4 18.Be2 Nc5 19.Bxc5 Qxc5+ 20.Nf2 g5 21.g3 Nf6 22.Nc2 Nd7 23.f4 gxf4
24.gxf4 Bf6 25.Kh1 Bh4 26.Ng4 h5 27.Nge3 Nf6 28.Bf3 Bg4 29.Bg2 Qc8 30.e5 Nd7
31.exd6 exd6 32.Qd4 Rg8 33.Qe4+ Kf8 34.Qh7 Nf6 35.Qh6+ Rg7 36.Rg1 Kg8 37.h3 Rg6
38.Qxg6+ fxg6 39.hxg4 hxg4 40.Ra7 Rb7 41.Rga1 Rxa7 42.Rxa7 Bf2  0-1

[Event "Baden-Baden op"]
[Site "Baden-Baden"]
[Date "1993.??.??"]
[Round "8"]
[White "Gerstner, Wolfgang"]
[Black "Uhlmann, Wolfgang"]
[Result "1-0"]
[WhiteElo "2355"]
[BlackElo "2510"]

1.d4 Nf6 2.Bg5 Ne4 3.Bf4 c5 4.f3 Qa5+ 5.c3 Nf6 6.Nd2 cxd4 7.Nb3 Qf5 8.Bxb8 Rxb8
9.Qxd4 Ra8 10.e4 Qf4 11.Nh3 Qc7 12.e5 Ng8 13.O-O-O e6 14.f4 Ne7 15.Kb1 b6
16.Ng5 Bb7 17.Ne4 Nf5 18.Qd3 Qc6 19.Nf2 Rd8 20.g4 Bc5 21.Nd4 Bxd4 22.cxd4 Ne7
23.Rg1 Nd5 24.Qd2 O-O 25.g5 d6 26.Bd3 dxe5 27.fxe5 Qa4 28.Bc2 Qa5 29.Qd3 g6
30.a3 Rc8 31.Ne4 Rfd8 32.Nf6+ Nxf6 33.gxf6 Kf8 34.Qe3 Ke8 35.h4 Bd5 36.h5 Kd7
37.Rc1 Rc7 38.hxg6 hxg6 39.Qh6 Rxc2 40.Rxc2 Be4 41.Qg7 Bxc2+ 42.Kxc2 Kc8
43.Kb1 Rd7 44.Rc1+ Kb7 45.Qf8 Ka6 46.Qc8+ Rb7 47.Rc7 Qe1+ 48.Ka2 Qe4 49.Qxb7+  1-0

[Event "Barbera op"]
[Site "Barbera"]
[Date "1993.??.??"]
[Round "2"]
[White "Aguila, Gustavo"]
[Black "Vehi Bach, Victor Manuel"]
[Result "0-1"]
[WhiteElo "2345"]
[BlackElo "2390"]

1.d4 Nf6 2.Bg5 Ne4 3.Bh4 c5 4.Nf3 Qb6 5.b3 e6 6.Qd3 d5 7.e3 Nc6 8.c3 a5 9.Qb5 Qc7
10.Bg3 Nxg3 11.hxg3 a4 12.bxa4 cxd4 13.exd4 Bd7 14.Qd3 h6 15.Be2 Rxa4 16.Nbd2 Be7
17.Qe3 Ra3 18.g4 Nb4 19.Rc1 Nxa2 20.Rc2 Ba4  0-1